[Event "SVK-chT2A 0506"]
[Site "Slovakia"]
[Date "2006.03.11"]
[Round "10.7"]
[White "Kersten, Juraj"]
[Black "Deak, Gabriel"]
[Result "0-1"]
[WhiteElo "1930"]
[BlackElo "2038"]
[PlyCount "75"]
[EventDate "2005.10.22"]
[EventType "tourn"]
[EventRounds "11"]
[EventCountry "SVK"]
[SourceTitle "EXT 2009"]
[Source "ChessBase"]
[SourceDate "2008.11.26"]
[SourceVersion "1"]
[SourceVersionDate "2008.11.26"]
[SourceQuality "1"]

1. e4 c5 2. b4 cxb4 3. d4 Nf6 4. Bd3 g6 5. Ne2 Bg7 6. 0-0 0-0 7. e5 Nd5 8. Nd2 d6 9. exd6 Qxd6 10. Nc4 Qc7 11. a3 bxa3 12. Nxa3 Nc6 13. c3 a6 14. Nc2 Bg4 15. f3 Bd7 16. Bd2 a5 17. f4 e6 18. h4 h5 19. Ng3 Bf6 20. Nxh5 gxh5 21. Qxh5 Rfc8 22. Rf3 Kf8 23. Re1 Be8 24. Rg3 Qd7 25. f5 e5 26. dxe5 Nxe5 27. Bh6+ Ke7 28. c4 Nb4 29. Nxb4 axb4 30. Rxe5+ Bxe5 31. f6+ Bxf6 32. Re3+ Kd8 33. Bf5 Ra1+ 34. Kh2 Qd6+ 35. Kh3 Rh1+ 36. Kg4 Rxc4+ 37. Re4 Rxe4+ 38. Bxe4 0-1